000 00400nam a2200169Ia 4500
008 230125s9999 xx 000 0 und d
041 _aeng
082 _a346.00469
_bMCC
100 _aMCCIA
_9110618
245 _aIPR Awareness in Pune Engineering Industry
260 _c2008
_bMCCIA
_aPune
300 _a112p
500 _aIPR
650 _aLaw
700 _aMCCIA
_9110618
999 _c87489
_d87489